000 00372nam a2200145 i 4500
001 bg
100 1 _aNIZIŃSKI, Stanisław
245 0 _aDiagnostyka urządzeń mechanicznych /
_cStanisław Niziński, Henry Pelc.
260 _aWarszawa,
_c1980.
700 1 _aPELC, Henryk
040 _cBPK
041 _apol
942 _cKS
008 s pl f |000 0 pol
999 _c19165
_d19165
856 _uhttp://koha.tu.koszalin.pl/cgi-bin/koha/opac-detail.pl?biblionumber=19165
_yKatalog online BPK